[Event "Confronto de Geracoes 2022"]
[Site "Sao Paulo"]
[Date "2022.02.04"]
[Round "1.1"]
[White "Supi, Luis Paulo"]
[Black "Vescovi, Giovanni"]
[Result "1-0"]
[WhiteElo "2581"]
[BlackElo "2606"]
[Annotator "TA"]
[PlyCount "49"]
[EventDate "2022.02.04"]
[EventType "schev"]
[EventCountry "BRA"]
[SourceTitle "playchess.com"]
[Source "ChessBase"]
[SourceQuality "1"]

{[%evp 11,49,23,34,8,11,8,8,0,0,0,0,0,0,-7,0,2,31,-2,24,24,60,66,82,70,130,16,8,-1,0,44,302,303,314,289,1220,1206,4894,4091,2034,1779]} 1. e4 c5 2. Nf3 e6 3. d4 cxd4 4. Nxd4 Nc6 5. Nc3 {[%cal Bb1c3,Bc3e2,Be2f4,Bf4h5][%mdl 32]} Qc7 6. Be3 a6 (6... Nf6 {with more complications.} 7. f4 Bb4 8. Ndb5 Qa5 9. Bd2 a6) 7. g4 {Nowadays more popular than 7.Qd2. B48: Sicilian: Taimanov: 5 Nc3 Qc7 6 Be3 a6 without Be2.} (7. a3 {feels hotter.} Nf6 8. f4 d5 9. e5 Nd7 10. Qg4) 7... b5 {[%cal Bb7b5,Bb5b4][%mdl 32]} 8. Nxc6 Qxc6 9. Qd2 {The position is equal.} b4 10. Ne2 Qxe4 11. Rg1 Qc4 12. Nf4 Qc7 13. O-O-O {[#]} a5 $146 ({Predecessor:} 13... Nf6 14. Bg2 Bb7 15. g5 Ne4 16. Qd4 Nd6 17. Qxb4 Bxg2 18. Nxg2 Rb8 19. Qa4 a5 {½-½ (47) Karjakin,S (2758)-Rapport,R (2760) Stavanger 2021}) 14. Kb1 {[%mdl 1024] White has compensation.} a4 15. Nh5 $36 {[%mdl 2048] White has some pressure.} Ra5 16. Bd4 $1 f6 17. g5 {[%cal Bg4g5,Bg5g6][%mdl 32] Bd3 is the strong threat. White is more active.} Kf7 {[#]} (17... Rd5 $14) 18. Bd3 (18. Be2 $1 $16 {[%cal Oh5g7] Threatens to win with Nxg7!} g6 {[#]} 19. Qe3 $1 (19. Nxf6 e5 $16)) 18... f5 $1 $11 19. Qe3 Bc5 {To avoid Bb6} (19... a3 $11) 20. Bxf5 $14 Bxd4 $4 {[%mdl 8192] Black cannot hold the game after this.} ({Better is} 20... exf5 $14 21. a3 (21. Rde1 $2 Ne7 $17) 21... Ne7 22. axb4 Bxb4 23. Nxg7 Qc4) 21. Qxd4 $18 {Dancing on a razor blade.} Qe5 {White must now prevent ...Qxd4.} 22. g6+ Kf8 $2 {[#]} (22... hxg6 23. Bxg6+ Ke7) 23. Qb6 $1 {[%cal Rb6d8] White is clearly winning.} Nf6 (23... Ke8 24. Bxe6) 24. Nxf6 {[%cal Rb6d8]} Ke7 {To avoid Qd8+} 25. Qxb4+ {Weighted Error Value: White=0.18 (very precise) /Black=0.30} 1-0

[Event "Confronto de Geracoes 2022"]
[Site "Sao Paulo"]
[Date "2022.02.04"]
[Round "1.2"]
[White "Milos, Gilberto"]
[Black "Mekhitarian, Krikor Sevag"]
[Result "1/2-1/2"]
[WhiteElo "2575"]
[BlackElo "2562"]
[Annotator "TA"]
[PlyCount "60"]
[EventDate "2022.02.04"]
[EventType "schev"]
[EventCountry "BRA"]
[SourceTitle "playchess.com"]
[Source "ChessBase"]
[SourceQuality "1"]

{[%evp 21,60,27,24,0,0,0,0,0,0,0,0,0,0,0,0,0,0,0,0,0,0,-12,-6,-9,0,0,0,-22,-18,-21,0,0,0,0,0,0,0,-9,-9,-8,-9]} 1. d4 Nf6 2. c4 g6 3. Nc3 d5 4. cxd5 Nxd5 5. e4 Nxc3 6. bxc3 c5 7. Bc4 Bg7 8. Ne2 Nc6 9. Be3 O-O 10. O-O Bg4 11. f3 Bd7 $1 {[%mdl 4] is recently more successful than 11...Na5.} 12. Qd2 {D87: Exchange Grünfeld: Classical Line: Variations without ...cxd4.} Qa5 {The position is equal.} 13. Rfd1 cxd4 14. cxd4 Qxd2 15. Rxd2 Rfc8 16. Rb1 Na5 17. Bd3 a6 18. Rdd1 b5 19. Rdc1 {[#]} e6 $146 ({But not} 19... Nc4 20. Bxc4 bxc4 21. Rb4 $14 (21. Rb7 Bb5 $11)) ({Predecessor:} 19... e5 20. dxe5 Bxe5 21. Nf4 Bc6 22. Rc2 Bb7 23. Rbc1 Rxc2 24. Rxc2 Rd8 25. Be2 Nc6 {0-1 (56) Erenberg,A (2494)-Mikhalevski,V (2581) Israel 2021}) 20. Kf2 Bf8 {[%cal Bg7f8,Bf8a3,Ba3b2,Bb2d4][%mdl 32]} 21. Rxc8 Rxc8 22. Rc1 Rxc1 23. Nxc1 Ba3 24. Bd2 Nc4 25. Bh6 Bb2 26. Nb3 a5 27. Bxc4 bxc4 28. Nxa5 Bb5 29. a4 Bxa4 {[#] aiming for ...c3.} 30. Nxc4 Bxd4+ {An even fight not without its subleties.  Weighted Error Value: White=0.04 (flawless) /Black=0.02 (flawless)} 1/2-1/2

[Event "Confronto de Geracoes 2022"]
[Site "Sao Paulo"]
[Date "2022.02.04"]
[Round "1.3"]
[White "Fier, Alexandr"]
[Black "Leitao, Rafael"]
[Result "1/2-1/2"]
[WhiteElo "2572"]
[BlackElo "2592"]
[Annotator "TA"]
[PlyCount "78"]
[EventDate "2022.02.04"]
[EventType "schev"]
[EventCountry "BRA"]
[SourceTitle "playchess.com"]
[Source "ChessBase"]
[SourceQuality "1"]

{[%evp 14,78,22,31,38,38,32,36,48,46,43,42,36,38,31,40,37,28,24,31,33,32,33,24,18,22,17,22,31,14,22,20,31,22,24,23,26,16,27,9,40,12,16,0,0,0,0,-16,-16,-52,-52,-77,-75,-127,-106,-137,-127,-160,-161,-147,-154,-156,0,-83,0,-146,0]} 1. e4 e5 2. Nf3 Nc6 3. Bc4 Nf6 4. Ng5 d5 5. exd5 Na5 6. Bb5+ c6 7. dxc6 bxc6 8. Bd3 $1 {[%mdl 4] is more profitable than 8.Be2 at the moment.} Ng4 {C58: Two Knights: 4 Ng5 d5 5 exd5 Na5 sidelines.} 9. Ne4 f5 {[#]} 10. Be2 $1 h5 $1 {[#] White is slightly better.} 11. h3 $1 fxe4 12. hxg4 Bc5 {Threatens to win with ...0-0.} 13. b4 ({But not} 13. Rxh5 $2 Rxh5 14. Bf1 Rh1 $19) ({Avoid the trap} 13. gxh5 $2 O-O 14. d4 exd3 15. Qxd3 Bxf2+ 16. Kd1 e4 17. Qxd8 Rxd8+ 18. Nd2 e3 $19) 13... Qd4 {[%csl Gc5][%cal Rd4f2] [#]} 14. bxc5 $1 O-O {[%csl Gf8][%cal Rd4f2] [#]} 15. O-O Qxa1 16. Nc3 e3 $1 17. gxh5 {aiming for f3.} exf2+ 18. Rxf2 Rxf2 19. Kxf2 Be6 20. Ba3 Qxd1 21. Bxd1 Rf8+ 22. Ke1 g6 23. d3 gxh5 24. Bxh5 {[#]} Nb7 $146 ({Predecessor:} 24... Kg7 25. Bf3 Rb8 26. Bc1 Nb7 27. Be3 Bd7 28. Ne4 Nd8 29. Bg5 Nf7 30. Be7 Be6 {1-0 (65) Salati,P (2235)-Pannullo,U (2281) ICCF email 2017}) 25. Bf3 Nd8 26. Bc1 Kg7 {To avoid Bh6+} 27. a3 Bd7 28. Ne2 Ne6 29. Bb2 Kf6 30. Kd2 Ng5 31. Bh5 Rh8 32. g4 Be8 33. Ng3 ({White should play} 33. Nd4) 33... Bxh5 $17 34. gxh5 {[%mdl 4096] Endgame KRN-KBN} Ke6 35. Ke3 {[#]} Rf8 $1 {[%mdl 1024] Strongly threatening ...Rf3+. Black has strong compensation.} 36. Ke2 {[#]} Nh3 $1 37. Ke3 Ng5 (37... Ng1 $142 {Hoping for ...Rf3+.} 38. Ne4 Rf3+ 39. Kd2 Rf5) 38. Ke2 Nh3 (38... Rf4 $142 39. Bc1 Rg4) 39. Ke3 Ng5 {Weighted Error Value: White=0.08 (flawless) /Black=0.09 (flawless)} (39... Nf2 $17 40. Bc1 Ng4+ 41. Kd2 Rf2+ 42. Kc3 Rh2) 1/2-1/2

[Event "Confronto de Geracoes 2022"]
[Site "Sao Paulo"]
[Date "2022.02.05"]
[Round "2.1"]
[White "Leitao, Rafael"]
[Black "Supi, Luis Paulo"]
[Result "1/2-1/2"]
[WhiteElo "2592"]
[BlackElo "2581"]
[Annotator "TA"]
[PlyCount "94"]
[EventDate "2022.02.04"]
[EventType "schev"]
[EventCountry "BRA"]
[SourceTitle "playchess.com"]
[Source "ChessBase"]
[SourceQuality "1"]

{[%evp 9,94,12,0,0,12,0,17,6,16,7,20,17,12,-3,35,49,44,37,33,22,58,37,35,30,36,52,41,48,54,56,51,37,31,52,72,82,313,317,306,325,291,69,72,72,75,72,137,121,208,191,188,114,161,129,129,148,133,133,180,133,168,0,166,166,222,0,0,0,0,0,0,0,0,0,0,0,0,0,0,0,0,0,0,0,0,0,0]} 1. d4 d5 2. c4 {[%cal Bc2c4,Bc4c5,Bc5b6][%mdl 32]} e6 3. Nf3 a6 4. c5 b6 5. cxb6 c5 6. e3 {D30: Queen's Gambit Declined: Systems without Nc3.} Nf6 7. Nc3 cxd4 8. exd4 Qxb6 9. Bd3 {[#]} Nbd7 $146 ({Predecessor:} 9... Bd6 10. O-O O-O 11. Qe2 Nc6 12. Rd1 Nb4 13. Bb1 a5 14. Bg5 Ba6 15. Qd2 Nd7 {½-½ (29) Hoang,T (2380)-Zhukova,N (2449) Khanty-Mansiysk 2017}) 10. O-O Bd6 {To avoid Bf4} 11. Na4 Qa7 12. Be3 {[%cal Of3e5]} O-O 13. Ne5 Bb7 14. Rc1 Rac8 15. Qe2 Qb8 16. f4 Rxc1 17. Rxc1 Rc8 18. Rxc8+ Qxc8 19. Qc2 Qd8 20. Nc5 Bxc5 21. dxc5 {[%cal Bd4c5,Bc5c6][%mdl 32] Hoping for c6.} Nxe5 22. fxe5 d4 $2 {[#]} 23. c6 $1 $18 Bc8 {[#]} 24. Bg5 {A strong pair of Bishops.} (24. exf6 dxe3 25. Bxh7+ Kf8 $16) 24... Qa5 25. Qe2 {Inhibits Qe1+.} (25. exf6 Qxg5 26. Bxh7+ Kf8 $14) (25. Bxf6 $18 gxf6 26. exf6 (26. Bxh7+ Kf8 $11)) 25... Nd5 $14 26. Qe4 $40 {[%mdl 128] White wants a kill.} g6 {[%cal Od5e3]} 27. Qxd4 {White is more active.} Qe1+ ({Black should try} 27... Qc7) 28. Bf1 $16 a5 (28... Qb4 $16 29. Qf2 (29. Qxb4 Nxb4 30. c7 Kf8 $16) 29... h5) 29. Bd2 $18 Qd1 {aiming for ...Ba6.} 30. Bc3 (30. Kf2 $18) 30... Qc1 (30... Qa1 $16 {might work better.}) 31. Qd2 ({Don't blunder} 31. Bxa5 $2 Ba6 32. Qf2 Bxf1 $19) 31... Qb1 32. a3 a4 33. h3 Kg7 (33... h6 $16 34. Bb4 (34. Qxh6 $2 Ba6 $19) 34... Ba6) 34. Qf2 (34. Qe1 $18 Nxc3 35. Qxb1 (35. Qxc3 Ba6 $11) 35... Nxb1 36. Kf2) 34... Qc1 35. Qd2 Qb1 36. Qe1 Nxc3 {[#]} (36... Qc2 $142 37. Bc4 Nxc3 38. Qxc3 Qe4) 37. Qxc3 $2 (37. Qxb1 $1 $18 Nxb1 38. Kf2) 37... Ba6 $1 $11 {The position is equal.} 38. Qf3 Qc1 39. Qf6+ Kg8 40. Qd8+ Kg7 41. Qf6+ Kg8 42. c7 Qxc7 43. Bxa6 {And now Bf1 would win.} Qb6+ 44. Kh2 {Threatens to win with Bc4.} Qxa6 45. Qd8+ Kg7 46. Qf6+ Kg8 47. Qd8+ Kg7 {Black escapes into a draw.  Weighted Error Value: White=0.25 (precise) /Black=0.21 (precise)} 1/2-1/2

[Event "Confronto de Geracoes 2022"]
[Site "Sao Paulo"]
[Date "2022.02.05"]
[Round "2.2"]
[White "Fier, Alexandr"]
[Black "Milos, Gilberto"]
[Result "1-0"]
[WhiteElo "2572"]
[BlackElo "2575"]
[Annotator "TA"]
[PlyCount "85"]
[EventDate "2022.02.04"]
[EventType "schev"]
[EventCountry "BRA"]
[SourceTitle "playchess.com"]
[Source "ChessBase"]
[SourceQuality "1"]

{[%evp 10,85,19,18,14,8,12,12,11,-8,7,0,-5,-10,50,38,57,28,50,50,73,61,60,30,57,60,64,8,9,10,137,97,158,102,79,58,83,76,156,155,150,141,112,90,75,59,92,0,116,108,176,136,141,128,244,237,219,214,230,213,213,212,219,192,210,209,386,386,602,572,935,372,357,321,1133,861,29985,464]} 1. e4 e5 2. Nf3 Nc6 3. Bc4 Bc5 4. c3 Nf6 5. d3 d6 6. Bg5 a6 {C54: Giuoco Piano: 4 c3 Nf6, main lines with 5 d4 and 5 d3.} 7. a4 Ba7 8. Nbd2 h6 {The position is equal.} 9. Bh4 Qe7 10. b4 {[%cal Bb2b4,Bb4b5][%mdl 32]} g5 11. Bg3 Bd7 (11... Nh5 $11) 12. O-O $14 {[#]} O-O $146 ({Predecessor:} 12... Nh5 13. Nxe5 Nxe5 14. Bxe5 Qxe5 15. Qxh5 O-O-O 16. d4 Qf4 17. Ra2 Rdf8 18. g3 Qf6 {1-0 (55) Kosteniuk,A (2537)-Kretchetov,A (2241) Chess.com INT 2018}) 13. Re1 Be6 14. b5 Nb8 15. d4 Nbd7 16. Bf1 exd4 17. cxd4 g4 {[#]} 18. Nh4 (18. d5 $1 $14 gxf3 19. dxe6 fxe6 20. Nxf3) 18... Bxd4 $11 19. Rc1 Ne5 (19... axb5 $1 $11 20. axb5 Bc5) 20. Nc4 Bc5 (20... axb5 $142 21. axb5 Bc5) 21. Nxe5 (21. bxa6 $142 Bb4 22. axb7) 21... dxe5 $16 22. Bxe5 {[%cal Oc1c5] Hoping for Rxc5!} Nd7 23. Bg3 Qg5 (23... axb5 $142 24. Bxb5 Rfe8) 24. bxa6 bxa6 25. Bc4 {And now Bxe6 would win.} Rad8 26. Qb3 (26. Bxa6 Bb4 $11) 26... Rfe8 27. Nf5 {Inhibits Bd4. Black must now prevent Bxe6.} Rb8 {[#]} 28. Qa2 {White is much more active.} ({White should try} 28. Qd1 $1 $16 Bxf5 29. exf5 Rxe1+ 30. Qxe1) 28... Qf6 (28... Bxc4 $11 {remains equal.} 29. Qxc4 Rb4 30. Qxa6 Rbxe4) 29. Bxe6 (29. Bxc7 $2 Rb2 30. e5 Bxf2+ 31. Kh1 {[#]} Bxc4 $1 32. Qxb2 Qxf5 33. Rxc4 Bxe1 $19) 29... fxe6 (29... Rxe6 $16 {is a better defense.} 30. Qd5 (30. Bxc7 $2 Rb2 $19) 30... Bd6) 30. Red1 (30. Bxc7 Rb2 31. Nxh6+ Kg7 32. Nxg4 Rxa2 $17) 30... Rb2 31. Nxh6+ $1 Kf8 (31... Kg7 $16 {was necessary.} 32. Nxg4 (32. Rxd7+ Kxh6 33. Rf7 Qd4 $16) 32... Rxa2 33. Nxf6 Kxf6) 32. Nxg4 $18 {The board is on fire.} Rxa2 33. Nxf6 Nxf6 34. Rxc5 Nxe4 35. Rxc7 Nxg3 36. hxg3 Rxa4 {[%mdl 4096] Endgame KRR-KRR} 37. Rdd7 {Inhibits Re7.} a5 $2 (37... e5 38. Rg7 Re6) 38. f4 {aiming for Rg7.} Ra2 (38... Kg8 $142 39. Ra7 Rc4 40. Rg7+ (40. Rxa5 e5 $18) 40... Kh8) 39. Kh2 a4 40. Kh3 $2 (40. g4 Rb2 41. g5) 40... a3 41. Ra7 {Prevents Ra8.} Ra1 $2 (41... Kg8 42. g4 Rf2) 42. Kg4 {Intending Rf7+ and mate.} Rb8 43. Kg5 {Weighted Error Value: White=0.28 (precise) /Black=0.56} (43. Rh7 $142 Kg8 44. Kg5 e5 45. f5 Rf1 46. f6 Rxf6 47. Kxf6 Rb6+ 48. Kxe5 Rb5+ 49. Kd4 Rb4+ 50. Kc5) 1-0

[Event "Confronto de Geracoes 2022"]
[Site "Sao Paulo"]
[Date "2022.02.05"]
[Round "2.3"]
[White "Vescovi, Giovanni"]
[Black "Mekhitarian, Krikor Sevag"]
[Result "1/2-1/2"]
[WhiteElo "2606"]
[BlackElo "2562"]
[Annotator "TA"]
[PlyCount "146"]
[EventDate "2022.02.04"]
[EventType "schev"]
[EventCountry "BRA"]
[SourceTitle "playchess.com"]
[Source "ChessBase"]
[SourceQuality "1"]

{[%evp 16,146,-24,-22,-34,-23,-18,-108,-94,-102,-81,-102,-104,-115,-115,-93,-114,-162,-166,-175,-168,-171,-55,-106,-90,-106,-92,-102,-39,-49,-35,-45,-48,-49,-55,-58,-20,-54,-31,-66,0,0,0,0,0,-14,-10,-8,0,0,0,0,0,0,51,50,51,27,26,36,24,15,22,15,15,22,25,29,39,0,0,0,0,0,0,0,8,8,16,0,0,0,0,0,0,0,0,0,0,0,0,0,0,0,0,0,0,0,0,0,0,0,25,25,25,25,48,41,41,42,66,0,39,0,51,61,94,77,168,8,8,0,0,0,0,0,0,0,0,0,0,0,0]} 1. d4 Nf6 2. Nf3 g6 3. Bf4 Bg7 4. c3 O-O 5. h3 d6 {[%cal Bd7d6,Bd6e5,Be5e4][%mdl 32]} 6. e3 c5 7. Nbd2 cxd4 8. cxd4 Nc6 9. Be2 e5 {A48: 1 d4 Nf6 2 Nf3 g6: Torre, London and Colle Systems.} 10. dxe5 dxe5 11. Bh2 {[#]} (11. Nxe5 $11 {keeps the balance.} Nd5 12. Ndc4) 11... Qe7 $146 {Black is better.} ({Predecessor:} 11... e4 12. Ne5 Qa5 13. Nec4 Qg5 14. O-O Bxh3 15. Bg3 Be6 16. Bf4 Qd5 17. Qe1 Rfd8 {0-1 (46) Phillips,R (1852)-Czopor,M (2279) Chess.com INT 2021}) 12. Nc4 Rd8 {Prevents Qd6.} 13. Qa4 {[%cal Rf3e5]} Nd5 {And now ...e4 would win.} 14. Rd1 e4 15. Nfd2 a6 16. Qc2 (16. Qa3 $17 {might work better.} Qe6 17. Nd6) 16... f5 $19 17. O-O {[%cal Oh2d6] [#]} Be6 $1 18. Nb3 Rac8 (18... Ndb4 $19 19. Qc1 Nxa2) 19. Qb1 ({White should play} 19. Rxd5 $1 $15 Bxd5 20. Nb6) 19... Qb4 20. Rc1 b5 21. Ncd2 Ne5 ({Better is} 21... Qe7 $17 {[%cal Of5f4]} 22. Rfd1 Bf7) 22. a3 $15 Qe7 (22... Qf8 {with more complications.} 23. Nd4 Bf7 24. Rfd1 Nb6 25. N2b3 Nec4) 23. Nd4 Bf7 24. Rxc8 Rxc8 25. Rc1 {To avoid Nc6} Qd7 26. Rc2 Nd3 27. N2b3 Rc4 ({Black should try} 27... Re8 $15 28. Qf1 f4 29. Bxd3 exd3 30. Qxd3 fxe3) 28. Bxd3 $11 exd3 29. Rd2 f4 30. Qxd3 fxe3 31. fxe3 Bh6 32. Re2 Qe7 {To avoid Be5} 33. Kh1 Rc8 (33... Bxe3 $2 34. Bg1 $18) 34. Re1 Nxe3 ({Resist} 34... Bxe3 35. Nc2 Qh4 36. Rxe3 Nxe3 37. Nxe3 $16) (34... Nf4 $11 35. Bxf4 Bxf4) 35. Bg1 $14 {[%cal Rg1e3]} Re8 36. Bxe3 {Threatens to win with Nc2.} (36. Nc2 $5 {[%cal Rg1e3]} Qd8 37. Qxd8 Rxd8 38. Bxe3 Bxb3 39. Bxh6 Bxc2 40. Re7 $14) 36... Bxe3 37. Nc2 {[%cal Bd4c2,Bc2e3,Be3g4,Bg4f6,Bf6e4,Be4g3][%mdl 32] Black must now prevent Qc3. Pair of Knights!} Bc4 38. Qc3 Qf7 39. Rxe3 Rxe3 40. Nxe3 Bxb3 41. Ng4 Kf8 42. Qe5 Be6 43. Nf6 {[%cal Of6h7]} h6 44. Ne4 Qf5 45. Qd6+ Kg7 46. Qd4+ Kg8 47. Ng3 Qd5 48. Qf6 Kh7 49. Kh2 a5 50. Qf4 Bf7 51. Ne4 Qe6 52. Nd6 Be8 53. Qd4 Bc6 54. Qc5 Qd7 55. Qe5 b4 56. axb4 axb4 57. b3 Kg8 58. Qc5 Ba8 59. Qxb4 Bd5 60. Qb6 Qe6 61. Qd8+ Kg7 62. Qc7+ Kg8 63. Qd8+ Kg7 64. Qc7+ (64. Nc4 $5) 64... Kg8 $1 65. Nc4 Qe4 {[%csl Gd5][%cal Re4g2]} 66. Qg3 g5 {[#]} (66... Kg7 $16) 67. Nd6 $2 ({White must play} 67. Ne3 $1 $18) 67... Qe6 $11 {The position is equal.} 68. b4 Bxg2 {[%mdl 64] Decoy} 69. Kxg2 {Hoping for Qd3.} Qd5+ 70. Kf2 {aiming for Ke1.} Qd2+ 71. Kf1 {Qb3+ is the strong threat.} Qd1+ 72. Kf2 Qd2+ 73. Kf1 {Strongly threatening Qb3+.} Qd1+ {Black had all chances to win.  Weighted Error Value: White=0.09 (flawless) /Black=0.11 (very precise)} 1/2-1/2

[Event "Confronto de Geracoes 2022"]
[Site "Sao Paulo"]
[Date "2022.02.05"]
[Round "3.1"]
[White "Supi, Luis Paulo"]
[Black "Milos, Gilberto"]
[Result "1-0"]
[WhiteElo "2581"]
[BlackElo "2575"]
[Annotator "TA"]
[PlyCount "82"]
[EventDate "2022.02.04"]
[EventType "schev"]
[EventCountry "BRA"]
[SourceTitle "playchess.com"]
[Source "ChessBase"]
[SourceQuality "1"]

{[%evp 10,82,20,6,39,0,0,0,8,0,38,9,0,-12,0,0,0,-12,5,-22,-5,-66,-19,-79,-79,-75,-2,-8,27,0,0,0,-17,0,-10,-12,30,19,81,75,76,62,85,85,118,117,208,199,568,314,301,299,266,190,186,172,179,64,97,93,191,256,267,237,247,253,226,88,200,191,628,628,616,585,1100]} 1. e4 e5 2. Nf3 Nc6 3. Bc4 Bc5 4. c3 Nf6 5. d3 d6 6. Bg5 {[%cal Bc1g5,Bg5h4,Bh4g3][%mdl 32]} a6 {C54: Giuoco Piano: 4 c3 Nf6, main lines with 5 d4 and 5 d3.} 7. Nbd2 h6 8. Bh4 Ba7 {The position is equal.} 9. O-O Qe7 10. a4 g5 11. Bg3 Nd7 12. b4 Nf8 13. b5 Na5 14. d4 {[%cal Rd4e5]} h5 {White should prevent ...Ng6.} 15. h3 (15. dxe5 h4 16. exd6 cxd6 17. Bxd6 (17. b6 Bxb6 18. Bxd6 Qxd6 $17) 17... Qxd6 18. Nxg5 Be6 $15) ({Better is} 15. h4 $11) 15... Ng6 (15... h4 $15 16. Bh2 g4 17. hxg4 h3 18. dxe5 hxg2 19. Kxg2 Bxg4 20. exd6 Qf6) 16. Bd5 {[#]} (16. bxa6 $11 g4 17. hxg4 hxg4 18. axb7 Bxb7 19. Nh2 (19. Bb5+ $2 c6 $17)) 16... g4 $146 ({Predecessor:} 16... Bb6 17. Qb1 g4 18. hxg4 hxg4 19. Nh2 Qg5 20. Qd3 Nf4 21. Qe3 Qh6 22. Rfe1 f6 {½-½ (72) Firouzja,A (2759)-So,W (2770) Paris 2021}) 17. hxg4 hxg4 ({Black should play} 17... h4 $1 $17 {[%cal Rh4g3]} 18. Bh2 h3) 18. Nh2 $11 c6 19. bxc6 (19. Ba2 $142) 19... bxc6 20. Ba2 Nf4 {White must now prevent ...Nh5.} 21. Re1 $1 (21. Nxg4 Bxg4 22. Qxg4 f5 23. Qxf4 exf4 $19) 21... Nh5 22. Ndf1 Nxg3 (22... Rb8 {feels stronger.}) 23. Nxg3 Qh4 (23... Rb8 $1 $11) 24. Nhf1 $16 Rb8 25. Qd3 Qf6 $1 26. Rad1 Kf8 27. Rd2 Kg7 (27... Qf4 $16) 28. Ne3 $18 Be6 $2 (28... Qf4 {is more resistant.} 29. Nef5+ Kg6 30. Nxd6 Nb3) 29. Ngf5+ Bxf5 30. Nxf5+ Kg6 31. Qg3 (31. Qxa6 Qg5 32. Red1 (32. Qxa7 Rb7 $11) (32. Bxf7+ Kxf7 33. Qxa5 Bb6 $14) 32... Bb6 $18) 31... Qg5 {[#]} 32. dxe5 $1 d5 33. Red1 {Really sharp!} (33. Qd3 $1 $18) 33... Rh5 {[#]} (33... Qh5 34. Kf1 Bc5 35. Ne3 Bxe3 36. fxe3 $18 (36. Qxe3 Qh1+ 37. Ke2 Qxg2 $11)) 34. Kf1 $1 $36 {[%cal Bg1f1,Bf1e2,Be2d1,Bd1e2][%mdl 2080] White is in control.} Rh1+ $2 (34... dxe4 $16 {was necessary.} 35. Nd6 Nb3 36. Bxb3 (36. Nxe4 Qf5 $11) 36... Rxb3 37. Nxe4 Qf5 38. Rd6+ Kg7) 35. Ke2 Rxd1 36. Kxd1 Nb3 37. Bxb3 Rxb3 38. Nd6 (38. f4 $18 {and the rest is easy.} gxf3 39. Qxf3) 38... Rb1+ {[#]} (38... d4 $16 {might work better.}) 39. Ke2 $1 dxe4 (39... Rh1 40. a5 (40. exd5 Bxf2 41. Qd3+ Kg7 $16) 40... Bc5) 40. Nxe4 Qf5 41. Nd6 Qe6 {Weighted Error Value: White=0.27 (precise) /Black=0.39} 1-0